| 000 | 00000nas 2200000zi 4500 |
| 001 | 9.904655 |
| 003 | CaOODSP |
| 005 | 20250226125758 |
| 006 | m o d f |
| 007 | cr ||||||||||| |
| 008 | 211104c20209999oncar p o f0###b0fre|d |
| 022 | |a2564-3703 |
| 040 | |aCaOODSP|bfre|erda|cCaOODSP |
| 043 | |an-cn--- |
| 086 | 1 |aBC9-34F-PDF |
| 222 | 0|aFaits saillants annuels du secteur des télécommunications ... |
| 245 | 00|aFaits saillants annuels du secteur des télécommunications ... |
| 264 | 1|aOttawa (Ontario) : |bConseil de la radiodiffusion et des télécommunications canadiennes = Canadian Radio-television and Telecommunications Commission, |c[2021]- |
| 310 | |aAnnuel |
| 336 | |atexte|btxt|2rdacontent/fre |
| 337 | |ainformatique|bc|2rdamedia/fre |
| 338 | |aressource en ligne|bcr|2rdacarrier/fre |
| 362 | 1 |aParaît depuis 2020. |
| 500 | |aPublié aussi en anglais sous le titre : Annual highlights of the telecommunications sector. |
| 588 | |aDescription d'après : 2020. |
| 588 | |aDernière livraison consultée : 2020. |
| 650 | 6|aTélécommunications|zCanada|vPériodiques. |
| 655 | 7|aPériodiques|2rvmgf |
| 710 | 2 |aConseil de la radiodiffusion et des télécommunications canadiennes, |eorganisme de publication. |
| 775 | 08|tAnnual highlights of the telecommunications sector ... |w(CaOODSP)9.904654 |
| 780 | 00|tRapport de surveillance des communications |w(CaOODSP)9.502469 |
| 785 | 00|tRapport sur le marché canadien des télécommunications.|w(CaOODSP)9.948446 |